Best Actor Oscars by Character Name (2025-1971) - Statistics

General Stats
  • This quiz has been taken 54 times
  • The average score is 23 of 55
Answer Stats
Year Movie Actor Answer % Correct
2019 Bohemian Rhapsody Rami Malek Freddie Mercury
98%
2024 Oppenheimer Cillian Murphy J. Robert Oppenheimer
98%
2013 Lincoln Daniel Day-Lewis Abraham Lincoln
96%
2005 Ray Jamie Foxx Ray Charles
92%
2006 Capote Philip Seymour Hoffman Truman Capote
92%
1995 Forrest Gump Tom Hanks Forrest Gump
90%
1983 Gandhi Ben Kingsley Mahatma Gandhi
90%
1992 The Silence of the Lambs Anthony Hopkins Hannibal Lecter
88%
2009 Milk Sean Penn Harvey Milk
88%
2018 Darkest Hour Gary Oldman Winston Churchill
84%
2022 King Richard Will Smith Richard Williams
80%
1980 Kramer vs. Kramer Dustin Hoffman Ted Kramer
80%
2011 The King's Speech Colin Firth King George IV
78%
1971 Patton George C. Scott Gen. George S. Patton Jr.
76%
1973 The Godfather Marlon Brando Vito Corleone
76%
2015 The Theory of Everything Eddie Redmayne Stephen Hawking
74%
1988 Wall Street Michael Douglas Gordon Gekko
66%
1981 Raging Bull Robert De Niro Jake LaMotta
66%
2001 Gladiator Russell Crowe Maximus Decimus Meridius
66%
2007 The Last King of Scotland Forest Whitaker Idi Amin
58%
1972 The French Connection Gene Hackman Jimmy Doyle
48%
1985 Amadeus F. Murray Abraham Antonio Salieri
46%
2020 Joker Joaquin Phoenix Arthur Fleck
36%
1990 My Left Foot Daniel Day-Lewis Christy Brown
36%
1987 The Color of Money Paul Newman Eddie Felson
36%
1991 Reversal of Fortune Jeremy Irons Claus von Bülow
34%
1976 One Flew Over The Cuckoo's Nest Jack Nicholson Randle Patrick McMurphy
34%
1989 Rain Man Dustin Hoffman Raymond Babbitt
34%
2008 There Will Be Blood Daniel Day-Lewis Daniel Plainview
32%
2000 American Beauty Kevin Spacey Lester Burnham
30%
2002 Training Day Denzel Washington Alonzo Harris
22%
2016 The Revenant Leonardo DiCaprio Hugh Glass
22%
2025 The Brutalist Adrien Brody László Toth
20%
2003 The Pianist Adrien Brody Władysław Szpilman
20%
1994 Philadelphia Tom Hanks Andrew Beckett
16%
2021 The Father Anthony Hopkins Anthony
16%
2023 The Whale Brendan Fraser Charlie
16%
1997 Shine Geoffrey Rush David Helfgott
16%
1977 Network Peter Finch Howard Beale
16%
1998 As Good as It Gets Jack Nicholson Melvin Udall
14%
1999 Life Is Beautiful Roberto Benigni Guido Orefice
12%
2004 Mystic River Sean Penn Jimmy Markum
12%
1993 Scent of a Woman Al Pacino Lt. Col. Frank Slade
12%
1986 Kiss of the Spider Woman William Hurt Luis Molina
12%
2010 Crazy Heart Jeff Bridges Otis Blake
12%
2014 Dallas Buyers Club Matthew McConaughey Ron Woodroof
12%
1996 Leaving Las Vegas Nicolas Cage Ben Sanderson
10%
2012 The Artist Jean Dujardin George Valentin
10%
2017 Manchester by the Sea Casey Affleck Lee Chandler
10%
1982 On Golden Pond Henry Fonda Norman Thayer Jr.
10%
1978 The Goodbye Girl Richard Dreyfuss Elliot Garfield
8%
1975 Harry and Tonto Art Carney Harry Coombes
8%
1974 Save the Tiger Jack Lemmon Harry Stoner
8%
1979 Coming Home Jon Voight Luke Martin
8%
1984 Tender Mercies Robert Duvall Mac Sledge
8%
No matching quizzes found
Score Distribution
Percent of People with Each Score
Percentile by Number Answered
Your Score History
You have not taken this quiz